Online
Catalog

Heinrich Mann 1871/1971. (Record no. 968)

MARC details
000 -CABECERA
campo de control de longitud fija 00738cam a2200205 a 4500
001 - NÚMERO DE CONTROL
campo de control 000000982
005 - FECHA Y HORA DE LA ÚLTIMA TRANSACCIÓN
campo de control 20200929145446.0
008 - DATOS DE LONGITUD FIJA--INFORMACIÓN GENERAL
campo de control de longitud fija 731010s1971 gw b 000 0bspa d
040 ## - FUENTE DE LA CATALOGACIÓN
Centro catalogador/agencia de origen DO-SdBNP
Lengua de catalogación spa
Centro/agencia transcriptor BNPHU
082 ## - NÚMERO DE LA CLASIFICACIÓN DECIMAL DEWEY
Número de clasificación 838
Número de documento/Ítem M281b
100 1# - ENTRADA PRINCIPAL--NOMBRE DE PERSONA
Nombre de persona Banuls, Andre.
9 (RLIN) 3442
245 10 - MENCIÓN DE TÍTULO
Título Heinrich Mann 1871/1971.
260 ## - PUBLICACIÓN, DISTRIBUCIÓN, ETC.
Lugar de publicación, distribución, etc. Germany :
Nombre del editor, distribuidor, etc. Inter Nationes Bonn Bad Godesberg,
Fecha de publicación, distribución, etc. 1971.
300 ## - DESCRIPCIÓN FÍSICA
Extensión 29 p. ;
Dimensiones 25 cm.
505 0# - NOTA DE CONTENIDO CON FORMATO
Nota de contenido con formato Banuls, A. Heinrich Mann, the Romantic.--Kantorowicz, A. Heinrich Mann as a champion of Franco-German understanding.--Chronology.
504 ## - NOTA DE BIBLIOGRAFÍA, ETC.
Nota de bibliografía, etc. Bibliografía : p. 28-29.
650 #4 - PUNTO DE ACCESO ADICIONAL DE MATERIA--TÉRMINO DE MATERIA
Término de materia o nombre geográfico como elemento de entrada Literatura alemana
9 (RLIN) 3274
600 10 - PUNTO DE ACCESO ADICIONAL DE MATERIA--NOMBRE DE PERSONA
Nombre de persona MANN, HEINRICH
Fechas asociadas al nombre 1871-1950.
Subdivisión general BIOGRAFÍA
9 (RLIN) 3443
700 1# - PUNTO DE ACCESO ADICIONAL--NOMBRE DE PERSONA
Nombre de persona Kantorowicz, Alfred,
Fechas asociadas al nombre 1899-
9 (RLIN) 3444
Holdings
Estado de retiro Estado de pérdida Restricciones de uso No para préstamo Código de colección Localización permanente Ubicación/localización actual Ubicación en estantería Fecha de adquisición Número de inventario Total de préstamos Signatura topográfica completa Código de barras Fecha visto por última vez Precio válido a partir de Tipo de ítem Koha
    Préstamo interno Préstamo en sala Dominicana de Servicio Biblioteca Nacional Pedro Henríquez Ureña Biblioteca Nacional Pedro Henríquez Ureña Depósito 04.09.2009 LF1   838 M281b 982-10 25.06.2020 25.06.2020 Libros y folletos

Powered by Koha